| 000 | 00543nam a22001937a 4500 | ||
|---|---|---|---|
| 003 | MPLRDC | ||
| 005 | 20220104161038.0 | ||
| 008 | 210129b ||||| |||| 00| 0 eng d | ||
| 020 | _a986-7753-29-1 | ||
| 082 | _a785.28 LIN-6 | ||
| 100 | _a勃伦特.霍斯 | ||
| 245 |
_a林肯的幽默与机智 _c楚如 译 |
||
| 250 | _a初版 | ||
| 260 |
_a台湾 _b健行文化出版事业有限公司 _c2004 |
||
| 300 | _b244 | ||
| 490 | _a新世纪智慧馆. 6 | ||
| 650 | _a美国人物传记--林肯 ABRAHAM LINCOLN | ||
| 942 |
_cBK _o785.28 LIN-6 |
||
| 999 |
_c55294 _d55284 |
||